Automation of NUST Examination System For Medical Sciences (Record no. 9263)

000 -LEADER
fixed length control field 00531 a2200145 4500
040 ## - CATALOGING SOURCE
Original cataloging agency 0
082 ## - DEWEY DECIMAL CLASSIFICATION NUMBER
Classification number PGDIT-2
100 ## - MAIN ENTRY--PERSONAL NAME
Personal name Asim Shamim.
9 (RLIN) 104436
245 ## - TITLE STATEMENT
Title Automation of NUST Examination System For Medical Sciences
Statement of responsibility, etc. Asim Shamim.
260 ## - PUBLICATION, DISTRIBUTION, ETC.
Place of publication, distribution, etc. Islamabad :
Name of publisher, distributor, etc. NUST School of Electrical Engineering & Computer Science,
Date of publication, distribution, etc. 2000.
300 ## - PHYSICAL DESCRIPTION
Extent 58 p. :
Other physical details ill. ;
Dimensions 27 cm.
500 ## - GENERAL NOTE
General note Supervisors : Mr. Rooh ul Amin, Mr. Ali Hammad Akbar.
856 ## - ELECTRONIC LOCATION AND ACCESS
Uniform Resource Identifier <a href="http://10.250.8.41:8080/xmlui/handle/123456789/31407">http://10.250.8.41:8080/xmlui/handle/123456789/31407</a>
942 ## - ADDED ENTRY ELEMENTS (KOHA)
Koha item type Project Report
Call number prefix PGDIT-2 ASI
Source of classification or shelving scheme
Holdings
Withdrawn status Lost status Source of classification or shelving scheme Damaged status Not for loan Permanent Location Current Location Date acquired Full call number Barcode Date last seen Price effective from Koha item type
          Central Library (CL) Central Library (CL) 08/07/2024 PGDIT-2 ASI SEECSP00746 11/14/2012 11/14/2012 Project Report
© 2023 Central Library, National University of Sciences and Technology. All Rights Reserved.